000 00509nam a2200169Ia 4500
005 20240521050820.0
008 240331s9999 xx 000 0 und d
082 _bCAP
_a338.1
245 0 _aCapital and peasant production
_bStudies in the continuity and discontinuity of agrarian structures in Sri Lanka
250 _a1 St
260 _aColombo
_bSocial Scientists Association
_c1985
300 _axiv, 230 p .,
650 _aSocial
650 _aEconomic
700 _aAbeysekera, Charles
_eedt
942 _cL
999 _c2777
_d2777